000 01429cam a22003977a 4500
003 CHAP
005 20220817043850.0
008 010926d mx r 00110 spa d
010 _a86518
011 _a87490
035 _a98034
040 _cCHAP
110 2 _aEmpresa Pernambucana de Pesquisa Agropecuária
245 1 0 _aCultivares recomendadas pelo IPA
_c/por Empresa Pernambucana de Pesquisa Agropecuaria
260 _aRecife-PE, Brasil :
_bEmpresa Pernambucana de Pesquisa Agropecuaria,
_c2002.
300 _a122 p. :
_bilus.
410 2 1 _aEmpresa Pernambucana de Pesquisa Agropecuaria
490 0 _aIPA. Documentos
_v; 27
590 _aBATCH-UPD
_b10
_c20130110
_lUCH01
_h0103
590 _aBATCH-UPD
_b10
_c20130110
_lUCH01
_h0629
590 _aBATCH-UPD
_b10
_c20130410
_lUCH01
_h0455
590 _aBATCH-UPD
_b10
_c20130913
_lUCH01
_h2025
590 _aCONVERSION
_b10
_c20130109
_lUCH01
_h1348
650 1 4 _aAgricultura
_xBrasil.
_91342
650 1 4 _aCereales
_zBrasil.
_921480
650 1 4 _aFruticultura
_xBrasil.
_943703
650 1 4 _aLegumbres
_xBrasil.
_965686
650 1 4 _aPlantas forrajeras.
_988943
650 1 4 _aTubérculos y cultivos de raíz.
_9115479
810 0 0 _aEmpresa Pernambucana de Pesquisa Agropecuaria
830 0 0 _aIPA. Documentos
_v; 27
_960306
901 _aBK
905 _aAlejandra Carrasco M.
942 _cLIBRO
949 _a630.81 E4
_bBC
_cLIBRO
_d33724000879557
_eLIBRO
_h103189
_i98034
_sb
999 _c86518
_d86518